European Cup and UEFA Champions League Top 4 Positions - Statistics

General Stats
  • This quiz has been taken 54 times
  • The average score is 49 of 74
Answer Stats
1st % Correct
Barcelona
100%
Real Madrid
100%
Atlético Madrid
98%
Arsenal
96%
Liverpool
96%
Manchester City
96%
AC Milan
93%
Bayern Munich
93%
Chelsea
93%
Inter Milan
93%
Manchester United
93%
Nottingham Forest
93%
Olympique Lyonnais
93%
Olympique Marseille
93%
Paris Saint-Germain
93%
Ajax
91%
Borussia Dortmund
91%
FC Porto
91%
Juventus
91%
PSV Eindhoven
91%
AS Monaco
89%
AS Roma
89%
Aston Villa
89%
SL Benfica
89%
Tottenham Hotspur
89%
Valencia
89%
Celtic
87%
Feyenoord
80%
Hamburger SV
80%
Red Star Belgrade
80%
Bayer Leverkusen
78%
Rangers
78%
Eintracht Frankfurt
76%
Villarreal
76%
RB Leipzig
73%
Club Brugge
71%
Dynamo Kyiv
71%
Leeds United
71%
Schalke 04
71%
Borussia Mönchengladbach
69%
Fiorentina
69%
CSKA Sofia
67%
Deportivo La Coruña
67%
Malmö FF
67%
Steaua București
67%
RSC Anderlecht
64%
Galatasaray
62%
Saint-Étienne
60%
Girondins de Bordeaux
58%
Partizan Belgrade
58%
Stade de Reims
58%
Legia Warszawa
51%
Panathinaikos
51%
FC Nantes
49%
Sampdoria
49%
Austria Wien
47%
IFK Göteborg
44%
Spartak Moscow
44%
LOSC Lille
42%
VfB Stuttgart
42%
Rapid Wien
40%
Dukla Prague
33%
Real Sociedad
33%
Young Boys
33%
Dundee United
31%
Grasshopper
29%
Derby County
27%
Hibernian FC
27%
Újpest FC
18%
Widzew Łódź
18%
Dinamo București
11%
Győri ETO
7%
Vasas FC
7%
AGF Aarhus
2%
No matching quizzes found
Score Distribution
Percent of People with Each Score
Percentile by Number Answered
Your Score History
You have not taken this quiz